The thinking computer mind inside matter

Đã lưu trong:
书目详细资料
主要作者: Raphael, Bertram
格式: 图书
语言:Undetermined
出版: San Francisco W. H. Freeman 1976
主题:
标签: 添加标签
没有标签, 成为第一个标记此记录!
Thư viện lưu trữ: Trung tâm Học liệu Trường Đại học Cần Thơ
LEADER 00550nam a2200193Ia 4500
001 CTU_86955
008 210402s9999 xx 000 0 und d
082 |a 001.64 
082 |b R217 
100 |a Raphael, Bertram 
245 4 |a The thinking computer mind inside matter 
245 0 |c Bertram Raphael 
260 |a San Francisco 
260 |b W. H. Freeman 
260 |c 1976 
650 |a Computers,Problem solving,Artificial intelligence 
650 |x Data processing 
904 |i Truc 
980 |a Trung tâm Học liệu Trường Đại học Cần Thơ